| 000 | 00856nam a2200205 4500 | ||
|---|---|---|---|
| 001 | 77334 | ||
| 003 | BD-RjUL | ||
| 005 | 20211209082947.0 | ||
| 008 | 200315s1926 pak||||| |||| 00| 0 urd d | ||
| 035 | _a(BD-RjUL)77559 | ||
| 040 |
_aBD-RjUL _beng _cBD-RjUL |
||
| 041 | _aeng | ||
| 082 |
_223 _a891.43909 _bHAS 1926 |
||
| 100 |
_aہاشمی ،نصیر الدین Hashmi, Nasir-ud-din _9240911 |
||
| 245 |
_aDeccan Mi Urdu : zunubi hend mi urdu ki abtada aur us ki taraki / /دکن میی اردو: جنوبی ہند میی اردو کی ابتدا اور اس کی ترقکی / _cنصیر الدین ہاشمی منشی فاضل Nasiruddin Hashmi Munshi Fazal |
||
| 260 |
_aحیدراباد ; haidrabad : _bMatbuate matbaa karimi , _c1926 |
||
| 300 |
_a322 p. ; _c 18 cm |
||
| 650 |
_aUrdu Literature _vHistory & criticism _9240912 |
||
| 942 |
_2ddc _cBK |
||
| 999 |
_c77334 _d77334 |
||